| 000 | 01650nam a2200385 c 4500 | ||
|---|---|---|---|
| 001 | 58976 | ||
| 003 | CO-BoRNBP | ||
| 005 | 20250901195721.0 | ||
| 007 | ta | ||
| 008 | 221024r20172018ck a b 000 0 spa d | ||
| 020 | _a9789580517375 | ||
| 040 |
_aCO-BoRNBP _bspa _erda _cCO-BoRNBP |
||
| 041 | 0 | _aspa | |
| 043 | _as-ck--- | ||
| 082 | 0 | 4 |
_a342.861 _bO76m _222 |
| 100 |
_aOrozco Jaramillo, Eduardo _eaut _964524 |
||
| 245 | 1 | 0 |
_aMi constitución : _bprincipios y valores / _cEduardo Orozco Jaramillo ; ilustraciones de Jessi Botero. |
| 250 |
_aSegunda edición ampliada y actualizada _bTercera reimpresión, Cuarta reimpresión |
||
| 264 | 1 |
_aBogotá, Colombia : _bEducar Editores, _c2020 |
|
| 300 |
_a143 páginas : _bilustraciones |
||
| 336 |
_atexto _btxt _2rdacontent |
||
| 337 |
_asin mediación _bn _2rdamedia |
||
| 338 |
_avolumen _bnc _2rdacarrier |
||
| 490 | 0 |
_aPlan Lector _aLibros documentales |
|
| 500 | _aEl material correspondiente a la dotación PNLB 2022, pertenece a la segunda edición ampliada y actualizada de 2017 / El material correspondiente a la dotación PNLB 2023, corresponde Cuarta reimpresión 2020 | ||
| 504 | _aIncluye referencias bibliográficas | ||
| 521 | _aRecomendado para un público infantil mayor de 6 años | ||
| 650 | 0 | 7 |
_aCiudadanía _xEnseñanza _zColombia _2lemb _964525 |
| 650 | 0 | 7 |
_aEducación cívica _xEnseñanza _zColombia _2lemb _964526 |
| 650 | 0 | 7 |
_aValores sociales _xEnseñanza _2LEMB _942300 |
| 651 | 0 |
_aColombia _xConstitución _xEnseñanza elemental _964527 |
|
| 651 | 0 |
_aColombia _xPolítica y gobierno _xEnseñanza elemental _964528 |
|
| 700 |
_aBotero, Jessi _eill _964529 |
||
| 942 |
_2ddc _cBKINF |
||
| 999 |
_c58976 _d58976 |
||